The jet engine / (Record no. 10340)
[ view plain ]
| 000 -LEADER | |
|---|---|
| fixed length control field | 01520cam a2200301 i 4500 |
| 003 - CONTROL NUMBER IDENTIFIER | |
| control field | IMU CC |
| 005 - DATE AND TIME OF LATEST TRANSACTION | |
| control field | 20260409163059.0 |
| 008 - FIXED-LENGTH DATA ELEMENTS--GENERAL INFORMATION | |
| fixed length control field | 150227s2015 enk b 001 0 eng |
| 020 ## - INTERNATIONAL STANDARD BOOK NUMBER | |
| International Standard Book Number | 9781119065999 |
| 040 ## - CATALOGING SOURCE | |
| Original cataloging agency | IMU CC |
| Language of cataloging | eng |
| Description conventions | rda |
| 041 0# - LANGUAGE CODE | |
| Language code of text/sound track or separate title | eng |
| 082 00 - DEWEY DECIMAL CLASSIFICATION NUMBER | |
| Edition number | 23 |
| Classification number | 629.134 |
| Item number | THE |
| 100 1# - MAIN ENTRY--PERSONAL NAME | |
| Personal name | |
| 110 ## - MAIN ENTRY--CORPORATE NAME | |
| Corporate name or jurisdiction name as entry element | Rolls-Royce plc, |
| Relator term | author, |
| -- | issuing body. |
| 9 (RLIN) | 4218 |
| 245 14 - TITLE STATEMENT | |
| Title | The jet engine / |
| 260 ## - PUBLICATION, DISTRIBUTION, ETC. | |
| Place of publication, distribution, etc. | London: |
| Name of publisher, distributor, etc. | Wiley, |
| Date of publication, distribution, etc. | 2015. |
| 300 ## - PHYSICAL DESCRIPTION | |
| Extent | 288 p.; |
| Dimensions | 29 cm |
| 336 ## - CONTENT TYPE | |
| Content type term | text |
| Content type code | txt |
| Source | rdacontent |
| 504 ## - BIBLIOGRAPHY, ETC. NOTE | |
| Bibliography, etc. note | Includes bibliographical references (page 288) and index. |
| 520 ## - SUMMARY, ETC. | |
| Summary, etc. | "The Jet Engine provides a complete, accessibledescription of the working and underlying principles of the gasturbine. Accessible, non-technical approach explaining the workings of jet engines, for readers of all levels. Full colour diagrams, cutaways and photographs throughout, written by RR specialists in all the respective fields, hugely popular and well-reviewed book, originally published in 2005 under Rolls Royce's own imprint"-- |
| 520 ## - SUMMARY, ETC. | |
| Summary, etc. | "The Jet Engine provides a complete, accessible description of the working and underlying principles of the gas turbine. Written by Rolls-Royce gas turbine engineers, it contains a wealth of detail and high-quality illustrations"-- |
| 650 #0 - SUBJECT ADDED ENTRY--TOPICAL TERM | |
| Topical term or geographic name entry element | Airplanes |
| General subdivision | Turbojet engines. |
| 9 (RLIN) | 3602 |
| 650 #0 - SUBJECT ADDED ENTRY--TOPICAL TERM | |
| Topical term or geographic name entry element | Airplanes |
| General subdivision | Jet propulsion. |
| 9 (RLIN) | 4219 |
| 650 #0 - SUBJECT ADDED ENTRY--TOPICAL TERM | |
| Topical term or geographic name entry element | Aircraft gas-turbines. |
| 9 (RLIN) | 4220 |
| 650 #0 - SUBJECT ADDED ENTRY--TOPICAL TERM | |
| Topical term or geographic name entry element | Aeronautics & Astronautics. |
| Source of heading or term | bisacsh |
| 9 (RLIN) | 4221 |
| 856 ## - ELECTRONIC LOCATION AND ACCESS | |
| Link text | BK |
| 942 ## - ADDED ENTRY ELEMENTS (KOHA) | |
| Koha item type | Books |
| Source of classification or shelving scheme | Dewey Decimal Classification |
| Withdrawn status | Lost status | Source of classification or shelving scheme | Damaged status | Not for loan | Home library | Current library | Shelving location | Date acquired | Source of acquisition | Cost, normal purchase price | Total Checkouts | Full call number | Barcode | Date last seen | Price effective from | Koha item type |
|---|---|---|---|---|---|---|---|---|---|---|---|---|---|---|---|---|
| Dewey Decimal Classification | IMU Chennai Semmencherry Library | IMU Chennai Semmencherry Library | General Stacks | 04/11/2025 | M/s. T V Enterprises; 414/25-26 Dt.13.10.2025 | 7113.00 | 629.134 THE | 24089 | 04/11/2025 | 04/11/2025 | Reference book | |||||
| Dewey Decimal Classification | IMU Chennai Semmencherry Library | IMU Chennai Semmencherry Library | General Stacks | 04/11/2025 | M/s. T V Enterprises; 414/25-26 Dt.13.10.2025 | 7113.00 | 629.134 THE | 24090 | 04/11/2025 | 04/11/2025 | Reference book | |||||
| Dewey Decimal Classification | IMU Chennai Semmencherry Library | IMU Chennai Semmencherry Library | General Stacks | 04/11/2025 | M/s. T V Enterprises; 414/25-26 Dt.13.10.2025 | 7113.00 | 629.134 THE | 24091 | 04/11/2025 | 04/11/2025 | Reference book | |||||
| Dewey Decimal Classification | IMU Chennai Semmencherry Library | IMU Chennai Semmencherry Library | General Stacks | 04/11/2025 | M/s. T V Enterprises; 414/25-26 Dt.13.10.2025 | 7113.00 | 629.134 THE | 24092 | 04/11/2025 | 04/11/2025 | Reference book | |||||
| Dewey Decimal Classification | IMU Chennai Semmencherry Library | IMU Chennai Semmencherry Library | General Stacks | 04/11/2025 | M/s. T V Enterprises; 414/25-26 Dt.13.10.2025 | 7113.00 | 629.134 THE | 24093 | 04/11/2025 | 04/11/2025 | Reference book | |||||
| Dewey Decimal Classification | IMU Chennai Semmencherry Library | IMU Chennai Semmencherry Library | General Stacks | 04/11/2025 | M/s. T V Enterprises; 414/25-26 Dt.13.10.2025 | 7113.00 | 629.134 THE | 24094 | 04/11/2025 | 04/11/2025 | Reference book | |||||
| Dewey Decimal Classification | IMU Chennai Semmencherry Library | IMU Chennai Semmencherry Library | General Stacks | 04/11/2025 | M/s. T V Enterprises; 414/25-26 Dt.13.10.2025 | 7113.00 | 629.134 THE | 24095 | 04/11/2025 | 04/11/2025 | Reference book | |||||
| Dewey Decimal Classification | IMU Chennai Semmencherry Library | IMU Chennai Semmencherry Library | General Stacks | 04/11/2025 | M/s. T V Enterprises; 414/25-26 Dt.13.10.2025 | 7113.00 | 629.134 THE | 24096 | 04/11/2025 | 04/11/2025 | Reference book | |||||
| Dewey Decimal Classification | IMU Chennai Semmencherry Library | IMU Chennai Semmencherry Library | General Stacks | 04/11/2025 | M/s. T V Enterprises; 414/25-26 Dt.13.10.2025 | 7113.00 | 629.134 THE | 24097 | 04/11/2025 | 04/11/2025 | Reference book | |||||
| Dewey Decimal Classification | IMU Chennai Semmencherry Library | IMU Chennai Semmencherry Library | General Stacks | 04/11/2025 | M/s. T V Enterprises; 414/25-26 Dt.13.10.2025 | 7113.00 | 629.134 THE | 24098 | 04/11/2025 | 04/11/2025 | Reference book |